[Event "AUTO-BEG-233"]
[Site "http://www.queenalice.com/game.php?id=432339"]
[Date "2008.7.12"]
[Round "1"]
[White "evilgraing"]
[Black "felipecpv94"]
[Result "1-0"]
[WhiteElo "1632"]
[BlackElo "1283"]

1. e4 e5 2. Bc4 d6 3. h3 Nf6 4. d3 Nc6 5. Nf3 h6 6. Nc3 Nd4 7. O-O a6 8. Nd5
Nxf3+ 9. Qxf3 b5 10. Bb3 Be6 11. Nxf6+ Qxf6 12. Qe2 Bxb3 13. axb3 Be7 14. c4 1-0

[Event "AUTO-BEG-233"]
[Site "http://www.queenalice.com/game.php?id=432352"]
[Date "2008.7.12"]
[Round "1"]
[White "PedroIvo"]
[Black "evilgraing"]
[Result "0-1"]
[WhiteElo "1522"]
[BlackElo "1616"]

1. d4 d5 2. Nc3 Bf5 3. e3 a6 4. Bd3 Bxd3 5. Qxd3 Nc6 6. e4 Nb4 7. Qd2 e6 8. e5
h6 9. Nf3 f6 10. a3 Nc6 11. O-O g5 12. Qd3 Nce7 13. exf6 Nxf6 14. Ne5 Rg8 15.
Ne2 Qd6 16. f4 O-O-O 17. Nf7 Qd7 18. Nxd8 Qxd8 19. fxg5 hxg5 20. Rxf6 Nf5 21.
Rxe6 Qd7 22. Qxf5 Kb8 0-1

[Event "AUTO-BEG-233"]
[Site "http://www.queenalice.com/game.php?id=432353"]
[Date "2008.7.12"]
[Round "1"]
[White "evilgraing"]
[Black "PedroIvo"]
[Result "1-0"]
[WhiteElo "1598"]
[BlackElo "1575"]

1. e4 d5 2. exd5 Qxd5 3. Nc3 Qd8 4. d4 e6 5. a3 g6 6. Nf3 Ne7 7. Bg5 Bg7 8. Bc4
Nbc6 9. Qd2 b6 10. Bb5 Bd7 11. O-O O-O 12. Ne4 h6 13. Bf6 a6 14. Bxc6 Bxc6 15.
Bxg7 Kxg7 16. Rae1 Nf5 17. g4 Bxe4 18. Rxe4 Nh4 19. Nxh4 Qxh4 20. Kg2 h5 21. f3
Rh8 22. g5 Qxe4 23. fxe4 1-0

[Event "AUTO-BEG-233"]
[Site "http://www.queenalice.com/game.php?id=432360"]
[Date "2008.7.12"]
[Round "1"]
[White "sandy08"]
[Black "evilgraing"]
[Result "0-1"]
[WhiteElo "1265"]
[BlackElo "1688"]

1. e4 e5 2. Nf3 d6 3. c3 b5 4. Bxb5+ c6 5. Ba4 Ba6 6. d3 h6 7. Be3 Nf6 8. O-O
Be7 9. Nbd2 Bxd3 10. Re1 O-O 11. Nc4 Bxc4 12. b3 Ba6 13. c4 c5 14. a3 Nxe4 15.
Qd3 f5 16. Bc1 Nf6 17. Qxf5 Bc8 18. Qc2 Bb7 19. b4 Bc6 20. b5 Bxf3 21. gxf3 Nbd7
22. f4 a6 23. fxe5 dxe5 24. Rd1 Qc7 25. Rd3 Nb6 26. Bb3 e4 27. Re3 Ng4 28. Rxe4
Qxh2+ 29. Kf1 Rxf2+ 30. Qxf2 Qxf2# 0-1

[Event "AUTO-BEG-233"]
[Site "http://www.queenalice.com/game.php?id=432361"]
[Date "2008.7.12"]
[Round "1"]
[White "evilgraing"]
[Black "sandy08"]
[Result "1-0"]
[WhiteElo "1596"]
[BlackElo "1239"]

1. e4 e5 2. Bc4 d6 3. h3 Be6 4. Bxe6 fxe6 5. d3 d5 6. Nf3 Nd7 7. a3 Bc5 8. c3 d4
9. c4 a6 10. b4 Be7 11. h4 b5 12. c5 a5 13. Bb2 axb4 14. axb4 Rb8 15. Nbd2 Ngf6
16. Qb3 Kf7 17. Ng5+ Kg8 18. Qxe6+ Kf8 19. Qf7# 1-0

[Event "AUTO-BEG-235"]
[Site "http://www.queenalice.com/game.php?id=436739"]
[Date "2008.7.21"]
[Round "1"]
[White "schmiddi"]
[Black "evilgraing"]
[Result "0-1"]
[WhiteElo "1135"]
[BlackElo "1525"]

1. b3 e5 2. Nh3 d5 3. e3 a6 4. f4 exf4 5. exf4 Bf5 6. Qe2+ Be7 7. Nc3 Nf6 8. Ng5
h6 9. Nf3 O-O 10. Ne5 Qd6 11. d4 Nc6 12. a3 Nxd4 13. Be3 Nxc2+ 14. Kf2 Nxa1 15.
b4 d4 16. Bxd4 Qxd4+ 17. Qe3 Qxe3+ 18. Kxe3 Nc2+ 19. Kd2 Nxa3 20. Be2 Bxb4 21.
h3 Nd5 22. Rc1 Nxf4 23. Bf3 Rad8+ 24. Ke3 Nd3 25. Ra1 Nxe5 26. Rxa3 Bxa3 27. Nd5
Nxf3 28. Kxf3 Rxd5 29. h4 Re8 30. g3 c5 0-1

[Event "AUTO-BEG-235"]
[Site "http://www.queenalice.com/game.php?id=436740"]
[Date "2008.7.21"]
[Round "1"]
[White "evilgraing"]
[Black "schmiddi"]
[Result "1-0"]
[WhiteElo "1668"]
[BlackElo "1137"]

1. e4 d6 2. d4 Nd7 3. Nc3 c5 4. Bb5 a6 5. Bxd7+ Bxd7 6. a4 h5 7. f3 Nf6 8. b3
cxd4 9. Qxd4 e5 10. Qe3 Bc6 11. Nge2 d5 12. exd5 Bxd5 13. Ba3 Qc7 14. Bxf8 Kxf8
15. O-O Nd7 16. Nxd5 Qd6 17. Rad1 b5 18. axb5 axb5 19. Nb6 Qc6 20. Nxa8 Qxa8 21.
Rxd7 Qc8 22. Qa7 Rh6 23. Rxf7+ Kg8 24. Rxg7+ Kh8 25. Rd1 Qf8 26. Rdd7 Rh7 27.
Rxh7+ Kg8 28. Rdg7+ 1-0

[Event "AUTO-BEG-235"]
[Site "http://www.queenalice.com/game.php?id=436751"]
[Date "2008.7.21"]
[Round "1"]
[White "evilgraing"]
[Black "FabianoSales"]
[Result "0-1"]
[WhiteElo "1671"]
[BlackElo "1727"]

1. e4 e5 2. Bc4 Nf6 3. Nf3 Nxe4 4. d3 Nf6 5. Bg5 h6 6. Nxe5 hxg5 7. Nxf7 Qe7+ 8.
Kf1 Rh5 9. Nc3 c6 10. g4 Rh4 11. h3 Nxg4 12. Qd2 Nxf2 13. Kxf2 d5 14. Nxg5 Qf6+
15. Nf3 dxc4 16. Rae1+ Be7 17. dxc4 Rxc4 18. Re2 Kf7 19. Nd5 cxd5 20. b3 Rd4 21.
Qa5 b6 22. Qb5 Ba6 23. Qxa6 Nxa6 24. Rhe1 Bb4 25. Rg1 Bc5 26. Kg2 Rf4 27. Rf1
Qg6+ 28. Kh2 Rxf3 29. Rxf3+ Kg8 30. Rg2 Qd6+ 31. Rfg3 Qc7 0-1

[Event "AUTO-BEG-235"]
[Site "http://www.queenalice.com/game.php?id=436752"]
[Date "2008.7.21"]
[Round "1"]
[White "FabianoSales"]
[Black "evilgraing"]
[Result "1-0"]
[WhiteElo "1749"]
[BlackElo "1654"]

1. d4 d5 2. c4 e6 3. Bf4 Nc6 4. a3 h6 5. e3 Bd6 6. Bxd6 cxd6 7. Nf3 Nf6 8. Bd3
e5 9. dxe5 dxe5 10. Be2 e4 11. Nd4 Nxd4 12. Qxd4 O-O 13. O-O b6 14. cxd5 Bb7 15.
Nc3 Bxd5 16. Rad1 Bb3 17. Rd2 Qxd4 18. Rxd4 Rfe8 19. Nb5 Re7 20. Rc1 Ne8 21. h3
a6 22. Nc3 f5 23. f3 exf3 24. Bxf3 Rc8 25. Re1 Nf6 26. Rd6 Nd7 27. g4 Ne5 28.
Kg2 Nc4 29. Bd5+ Kf8 30. Be6 Nxd6 31. Bxb3 fxg4 32. hxg4 Nf7 33. Nd5 Re4 34.
Nxb6 Rxg4+ 35. Kf2 Rc7 36. Rd1 1-0

[Event "AUTO-BEG-228"]
[Site "http://www.queenalice.com/game.php?id=509651"]
[Date "2008.12.18"]
[Round "2"]
[White "AlexsandroB"]
[Black "evilgraing"]
[Result "1-0"]
[WhiteElo "1529"]
[BlackElo "1514"]

1. d4 d5 2. c4 Nc6 3. Nc3 e6 4. Nf3 Bb4 5. e3 Nf6 6. Qc2 O-O 7. Bd3 b6 8. O-O
Bb7 9. a3 Bxc3 10. bxc3 Ne7 11. Ne5 g6 12. Re1 Nf5 13. cxd5 1-0

[Event "AUTO-BEG-228"]
[Site "http://www.queenalice.com/game.php?id=509652"]
[Date "2008.12.18"]
[Round "2"]
[White "evilgraing"]
[Black "AlexsandroB"]
[Result "0-1"]
[WhiteElo "1499"]
[BlackElo "1544"]

1. e4 c5 2. Bc4 Nc6 3. Nf3 Nf6 4. Ng5 Ne5 5. Bb5 h6 6. Nf3 Qc7 7. Nc3 a6 8. Ba4
b5 9. Bxb5 axb5 10. Nxb5 Qa5 11. a4 Nc6 12. e5 Ng8 13. O-O Ba6 14. c4 e6 0-1

[Event "AUTO-BEG-233"]
[Site "http://www.queenalice.com/game.php?id=510494"]
[Date "2008.12.20"]
[Round "2"]
[White "mmarco"]
[Black "evilgraing"]
[Result "1-0"]
[WhiteElo "1497"]
[BlackElo "1609"]

1. e4 e5 2. d4 exd4 3. Qxd4 Nc6 4. Qd1 g6 5. Qf3 d6 6. Bc4 Qe7 7. Bg5 f6 8. Bxg8
Rxg8 9. Bxf6 Qe6 10. Nc3 Nd4 11. Bxd4 Be7 12. Nd5 Rf8 13. Nxc7+ Kd7 14. Nxe6
Kxe6 15. Qe3 Kd7 16. Bxa7 b5 17. Qb3 1-0

[Event "AUTO-BEG-233"]
[Site "http://www.queenalice.com/game.php?id=510495"]
[Date "2008.12.20"]
[Round "2"]
[White "evilgraing"]
[Black "mmarco"]
[Result "0-1"]
[WhiteElo "1631"]
[BlackElo "1475"]

1. e4 e5 2. Bc4 Nh6 3. d3 Bc5 4. Nf3 Ng4 5. Be3 d6 6. Ng5 f6 7. Nf7 Kd7 8. Nxh8
Qxh8 9. Qxg4+ Kd8 10. Qg3 h5 11. Bxc5 dxc5 12. h4 Nc6 13. Nc3 Nd4 14. O-O-O a6
15. f4 Qh6 16. Kb1 b5 17. Bd5 exf4 18. Qf2 Bg4 0-1

[Event "AUTO-BEG-233"]
[Site "http://www.queenalice.com/game.php?id=510498"]
[Date "2008.12.20"]
[Round "2"]
[White "evilgraing"]
[Black "italomachado"]
[Result "0-1"]
[WhiteElo "1704"]
[BlackElo "1460"]

1. e4 e5 2. Bc4 Nh6 3. d3 Bc5 4. Nf3 Ng4 5. O-O Bxf2+ 6. Rxf2 Nxf2 7. Kxf2 O-O
8. Nxe5 Qf6+ 9. Nf3 d6 10. Bg5 Qxb2 11. Nbd2 Nc6 12. a3 Qb6+ 13. Be3 Qa5 14. c3
b5 15. Bd5 Bb7 16. Qb3 Rab8 17. a4 Ne5 0-1

[Event "AUTO-BEG-233"]
[Site "http://www.queenalice.com/game.php?id=510499"]
[Date "2008.12.20"]
[Round "2"]
[White "italomachado"]
[Black "evilgraing"]
[Result "1-0"]
[WhiteElo "1486"]
[BlackElo "1678"]

1. e4 e5 2. Nf3 d6 3. h4 h5 4. Ng5 f6 5. Qxh5+ Rxh5 6. Bb5+ c6 7. Be2 Rh7 8.
Nxh7 Nh6 9. Bh5+ Nf7 10. d3 Be6 11. O-O Nd7 12. g4 Qe7 13. g5 O-O-O 14. g6 Nh6
15. Nc3 Bg4 16. Bxg4 Nxg4 17. Ne2 1-0